| 000 | 00456nam a22001937a 4500 | ||
|---|---|---|---|
| 003 | MPLRDC | ||
| 005 | 20220104195615.0 | ||
| 008 | 210129b ||||| |||| 00| 0 eng d | ||
| 020 | _a978-7-5027-7272-7 | ||
| 082 | _a191 LCF | ||
| 100 | _a林春发 | ||
| 245 |
_a分享 _c |
||
| 250 | _a初版一刷 | ||
| 260 |
_a中国 _b海洋出版社 _c2009 |
||
| 300 | _b平 | ||
| 520 | _a上架 2016-12-01。 | ||
| 650 | _a马华文学 | ||
| 942 |
_cBK _o191 LCF |
||
| 999 |
_c66258 _d66248 |
||